| 000 | 00780nam a22002532 4500 | ||
|---|---|---|---|
| 001 | 30821 | ||
| 003 | BD-RjUL | ||
| 005 | 20211209051624.0 | ||
| 008 | 140412s1965 enk b 000 0 eng d | ||
| 035 | _a(BD-RjUL)30908 | ||
| 035 | _arecon | ||
| 040 |
_aAAA _cAAA _dUKM _dBD-RjUL _beng |
||
| 041 | _aeng | ||
| 082 | 0 | 4 |
_a616.8915 _218 _bWHP 1965 |
| 090 |
_aRC488 _b.W46 1965 |
||
| 100 | 1 |
_aWhitaker, Dorothy Stock, _d1925- _993622 |
|
| 245 | 1 | 0 |
_aPsychotherapy through the group process / _cDorothy Stock Whitaker & Morton A. Lieberman. |
| 260 |
_aLondon : _bTavistock Publications, _c1965 |
||
| 300 |
_ax, 305 p. : _c24 cm. |
||
| 504 | _aBibliography: p. [295]-299. | ||
| 650 | 0 |
_aGroup psychotherapy. _93640 |
|
| 700 | 1 |
_aLieberman, Morton A., _d1931- _993623 |
|
| 942 |
_2ddc _cBK |
||
| 999 |
_c30821 _d30821 |
||